000 00575nam a2200169 i 4500
001 42029
003 ES-MaACL
005 20230906160532.0
007 t|
008 030312s1960 sp ||||1| spa d
100 1 _aCastán Vázquez, José María.
_936393
245 1 3 _aEl derecho en el aucto de acusación del género humano /
_cJosé María Castán Vázquez.
260 _aMadrid :
_bReus,
_c1960.
300 _a23 p. ;
_c24 cm.
500 _aSeparata de la "Revista General de Legislación y Jurisprudencia", diciembre de 1959.
852 _aES-MaACL
_j2018-F-16
_bR.45509
999 _c42029
_d42029